Hospodářské dějiny 18

Salvato in:
Dettagli Bibliografici
Natura: Libro
Lingua:ceco
Pubblicazione: Praha Historický ústav ČSAV 1990
Edizione:1. vyd.
Tags: Aggiungi Tag
Nessun Tag, puoi essere il primo ad aggiungerne!!

MARC

LEADER 00000nam a2200000 4500
001 c040468
005 20250515090249.5
041 0 |a cze 
044 |a CZ 
245 1 0 |a Hospodářské dějiny 18  |c Red. František Dudek 
250 |a 1. vyd. 
264 1 |a Praha  |b Historický ústav ČSAV  |c 1990 
300 |a 336 s.